The books of Joel, Obadiah, Jonah, Nahum, Habakkuk, and Zephaniah / (Record no. 7896)
[ view plain ]
| 000 -LEADER | |
|---|---|
| fixed length control field | 00976cam a2200277 i 4500 |
| 001 - CONTROL NUMBER | |
| control field | 790711 |
| 003 - CONTROL NUMBER IDENTIFIER | |
| control field | GBCCL |
| 005 - DATE AND TIME OF LATEST TRANSACTION | |
| control field | 20241126110639.0 |
| 008 - FIXED-LENGTH DATA ELEMENTS--GENERAL INFORMATION | |
| fixed length control field | 751105s1975 enk b 001 0 eng |
| 010 ## - | |
| -- | 74080355 |
| 020 ## - INTERNATIONAL STANDARD BOOK NUMBER | |
| International Standard Book Number | 0521205050. |
| -- | 052109870X |
| 040 ## - CATALOGING SOURCE | |
| Original cataloging agency | DLC |
| Transcribing agency | DLC |
| Modifying agency | DLC |
| 050 00 - | |
| -- | BS1560 |
| -- | .W355 |
| 082 00 - DEWEY DECIMAL CLASSIFICATION NUMBER | |
| Classification number | 224.9077 |
| Item number | WAT |
| 130 0# - | |
| -- | Bible. |
| -- | Minor prophets. |
| -- | English. |
| -- | New English. |
| -- | 1975. |
| -- | 13770 |
| 245 14 - TITLE STATEMENT | |
| Title | The books of Joel, Obadiah, Jonah, Nahum, Habakkuk, and Zephaniah / |
| Statement of responsibility, etc. | commentary by John D. W. Watts. |
| 260 ## - PUBLICATION, DISTRIBUTION, ETC. | |
| Place of publication, distribution, etc. | Cambridge, [Eng.] ; |
| -- | New York : |
| Name of publisher, distributor, etc. | Cambridge University Press, |
| Date of publication, distribution, etc. | 1975. |
| 300 ## - PHYSICAL DESCRIPTION | |
| Extent | x, 190 p. ; |
| Dimensions | 22 cm. |
| 440 #4 - SERIES STATEMENT/ADDED ENTRY--TITLE | |
| Title | The Cambridge Bible commentary, New English Bible |
| 9 (RLIN) | 12755 |
| 500 ## - GENERAL NOTE | |
| General note | Includes index. |
| 504 ## - BIBLIOGRAPHY, ETC. NOTE | |
| Bibliography, etc. note | Bibliography: p. 186. |
| 630 00 - SUBJECT ADDED ENTRY--UNIFORM TITLE | |
| Uniform title | Bible. |
| Name of part/section of a work | Minor Prophets |
| General subdivision | Commentaries. |
| 9 (RLIN) | 11975 |
| 700 1# - ADDED ENTRY--PERSONAL NAME | |
| Personal name | Watts, John D. W. |
| 9 (RLIN) | 13771 |
| 906 ## - LOCAL DATA ELEMENT F, LDF (RLIN) | |
| a | 7 |
| b | cbc |
| c | orignew |
| d | 2 |
| e | opcn |
| f | 19 |
| g | y-gencatlg |
| 942 ## - ADDED ENTRY ELEMENTS (KOHA) | |
| Source of classification or shelving scheme | Dewey Decimal Classification |
| Koha item type | Books |
| Koha issues (borrowed), all copies | 20 |
| Withdrawn status | Lost status | Source of classification or shelving scheme | Damaged status | Not for loan | Home library | Current Library | Shelving location | Date acquired | Total checkouts | Total renewals | Full call number | Barcode | Date last seen | Date last checked out | Copy number | Price effective from | Koha item type |
|---|---|---|---|---|---|---|---|---|---|---|---|---|---|---|---|---|---|
| Dewey Decimal Classification | GRACE BIBLE COLLEGE | GRACE BIBLE COLLEGE | Biblical Studies | 2018-11-09 | 21 | 2 | 224.9077 WAT | 004209 | 2026-02-19 | 2026-02-16 | c.1 | 2018-11-09 | Books |